| 000 | 00703nam a2200217 4500 | ||
|---|---|---|---|
| 001 | 109813 | ||
| 003 | ES-MaACL | ||
| 005 | 20230906184921.0 | ||
| 007 | t| | ||
| 008 | 061121s1954 sp r ||||1| spa d | ||
| 100 | 1 |
_aOnieva, Antonio J. _987081 |
|
| 245 | 1 | 0 |
_aBajeza y grandeza de Dostoiewski / _cAntonio J. Onieva ; prólogo de Luis Astrana Marín. |
| 250 | _a[1ª ed.]. | ||
| 260 |
_aBarcelona : _bAedos, _c1954. |
||
| 300 |
_aXII, 318 p. 1 lám. I-XIV : _b` Retr. biog.` ; _c22 cm. |
||
| 490 | 1 |
_aBiblioteca biográfica ; _v6 |
|
| 700 | 1 |
_aAstrana Marín, Luis. _923693 |
|
| 830 | 0 |
_aBiblioteca biográfica ; _v6 _9181197 |
|
| 852 |
_aES-MaACL _jC-9545 _bR.37479 |
||
| 999 |
_c109813 _d109813 |
||